[Event "Oruro op 4th"]
[Site "Oruro"]
[Date "2023.02.09"]
[Round "1"]
[White "Salvador Taquimallco, Alex"]
[Black "Maldonado Caceres, Ronaldo"]
[Result "1/2-1/2"]
[WhiteElo "1009"]
[BlackElo "1441"]
[PlyCount "107"]
[EventDate "2023.02.09"]
[EventType "swiss"]
[EventRounds "7"]
[EventCountry "BOL"]
[SourceTitle "CBM 213 Extra"]
[Source "ChessBase"]
[SourceDate "2023.05.31"]
[SourceVersion "1"]
[SourceVersionDate "2023.05.31"]
[SourceQuality "1"]

1. e4 c6 2. d4 d5 3. exd5 cxd5 4. Bd3 Nc6 5. Nf3 Bg4 6. c3 e6 7. Bf4 Bd6 8. Bxd6 Qxd6 9. Nbd2 Nf6 10. h3 Bh5 11. 0-0 0-0 12. Qe1 Rac8 13. Ne5 Nd7 14. Ndf3 Bxf3 15. Nxf3 Rfe8 16. Qb1 Nf6 17. Re1 e5 18. dxe5 Nxe5 19. Nxe5 Rxe5 20. Qc2 Rce8 21. Re2 Rxe2 22. Bxe2 Qf4 23. Bf3 Qc4 24. b3 Qc5 25. Rd1 b5 26. Qd3 Ne4 27. Bxe4 dxe4 28. Qd8 Rxd8 29. Rxd8+ Qf8 30. Rxf8+ Kxf8 31. Kf1 Ke7 32. Ke2 Ke6 33. Ke3 Ke5 34. g4 g6 35. f3 exf3 36. Kxf3 a5 37. Ke3 f5 38. gxf5 gxf5 39. h4 a4 40. bxa4 bxa4 41. h5 Kd5 42. Kd3 f4 43. c4+ Kc5 44. Ke4 f3 45. Kxf3 Kxc4 46. Kf4 Kc3 47. Kg5 Kb2 48. Kh6 Kxa2 49. Kxh7 Kb3 50. Kg8 a3 51. h6 a2 52. h7 a1Q 53. h8Q Qxh8+ 54. Kxh8 1/2-1/2

[Event "Oruro op 8th"]
[Site "Oruro"]
[Date "2022.05.07"]
[Round "6"]
[White "Veliz Quispe, Cindy Rocio"]
[Black "Salvador Taquimallco, Alex"]
[Result "1-0"]
[WhiteElo "1173"]
[BlackElo "1009"]
[PlyCount "125"]
[EventDate "2022.05.05"]
[EventType "swiss"]
[EventRounds "7"]
[EventCountry "BOL"]
[SourceTitle "CBM 208 Extra"]
[Source "ChessBase"]
[SourceDate "2022.07.31"]
[SourceVersion "1"]
[SourceVersionDate "2022.07.31"]
[SourceQuality "1"]

1. e4 e5 2. Nf3 Nc6 3. Bb5 d6 4. Nc3 Bd7 5. d3 g6 6. Bd2 Bg7 7. a3 Nf6 8. Bg5 a6 9. Bxc6 Bxc6 10. Qe2 Bd7 11. Nd5 0-0 12. Nxf6+ Bxf6 13. Qe3 Bg4 14. Bxf6 Qxf6 15. Qg5 Qe6 16. Qh4 c6 17. h3 Bxf3 18. gxf3 d5 19. Qg4 dxe4 20. Qxe6 fxe6 21. fxe4 Rf3 22. Ke2 Raf8 23. Raf1 b5 24. Rh2 c5 25. b3 a5 26. Rg1 c4 27. Rg3 Rxg3 28. fxg3 cxb3 29. cxb3 Rc8 30. Kd2 h5 31. Rf2 Kg7 32. Rf1 b4 33. axb4 axb4 34. Rc1 Rxc1 35. Kxc1 Kf6 36. h4 g5 37. Kd2 gxh4 38. gxh4 Ke7 39. Ke3 Kd6 40. d4 Kc6 41. dxe5 Kc5 42. Kd3 Kb5 43. Kd4 Kc6 44. Kc4 Kb7 45. Kxb4 Kb6 46. Kc4 Kc6 47. b4 Kb6 48. b5 Kb7 49. Kc5 Kc7 50. b6+ Kb7 51. Kb5 Kb8 52. Kc6 Kc8 53. b7+ Kb8 54. Kd6 Kxb7 55. Kxe6 Kc6 56. Kf7 Kc5 57. e6 Kd4 58. e7 Kxe4 59. e8Q+ Kf4 60. Qg8 Kf5 61. Qg5+ Ke4 62. Ke6 Kd4 63. Qd5+ 1-0

[Event "Oruro op 8th"]
[Site "Oruro"]
[Date "2022.05.06"]
[Round "4"]
[White "Rosas Navarro, Dominic Giselle"]
[Black "Salvador Taquimallco, Alex"]
[Result "0-1"]
[WhiteElo "1048"]
[BlackElo "1009"]
[PlyCount "108"]
[EventDate "2022.05.05"]
[EventType "swiss"]
[EventRounds "7"]
[EventCountry "BOL"]
[SourceTitle "CBM 208 Extra"]
[Source "ChessBase"]
[SourceDate "2022.07.31"]
[SourceVersion "1"]
[SourceVersionDate "2022.07.31"]
[SourceQuality "1"]

1. d4 Nf6 2. Nf3 e6 3. e3 b6 4. Nbd2 Bb7 5. Bd3 d5 6. Qe2 Bd6 7. e4 dxe4 8. Nxe4 Nbd7 9. Nxd6+ cxd6 10. Ba6 Bxf3 11. Qxf3 d5 12. Bg5 h6 13. Bh4 0-0 14. 0-0-0 Qc7 15. g4 Ne4 16. Qe3 Ndf6 17. g5 hxg5 18. Bxg5 Qc6 19. Bxf6 Nxf6 20. Bd3 Rac8 21. Kb1 a5 22. Rhg1 g6 23. Rg2 b5 24. Rdg1 Kg7 25. Qh3 Rh8 26. Qf3 Ne4 27. Bxe4 dxe4 28. Qe2 b4 29. Rc1 Qd5 30. Qe3 a4 31. Rg5 f5 32. c3 bxc3 33. Rxc3 Rxc3 34. Qxc3 Kf6 35. Rg2 Rd8 36. Qg3 Rg8 37. Qg5+ Kf7 38. Qe3 Rd8 39. Qh6 Qxd4 40. Qxg6+ Ke7 41. Qg7+ Qxg7 42. Rxg7+ Kf6 43. Rg2 Rd2 44. Kc1 Re2 45. a3 e3 46. Kd1 Rxb2 47. Ke1 Ra2 48. Rg3 Rxa3 49. fxe3 Ra2 50. h3 a3 51. Kd1 Rh2 52. Kc1 a2 53. Rg6+ Kxg6 54. e4 a1Q# 0-1